Loading...
| Science - Other Science | 0 | 8 | 0 | 1 | 80 | 53 | 84.13 | 2 | 7 |
| History - Other History | 0 | 6 | 0 | 2 | 60 | 77 | 105.83 | 1 | 4 |
| Science - Physics | 0 | 5 | 0 | 1 | 50 | 35 | 82.60 | 1 | 3 |
| History - American History | 0 | 4 | 0 | 0 | 40 | 74 | 85.75 | 0 | 4 |
| Philosophy | 0 | 3 | 0 | 0 | 30 | 56 | 83.33 | 1 | 1 |
| Social Science | 0 | 3 | 0 | 1 | 30 | 82 | 93.33 | 0 | 2 |
| Science - Chemistry | 0 | 3 | 1 | 0 | 25 | 62 | 85.33 | 1 | 2 |
| Science - Biology | 0 | 3 | 3 | 0 | 15 | 59 | 69.67 | 0 | 3 |
| Fine Arts - Other Fine Arts | 0 | 1 | 0 | 1 | 10 | 132 | 132.00 | 0 | 0 |
| History - European History | 0 | 1 | 0 | 0 | 10 | 106 | 106.00 | 0 | 0 |
| Fine Arts - Painting and Sculpture | 0 | 1 | 0 | 0 | 10 | 101 | 101.00 | 0 | 0 |
| Mythology | 0 | 1 | 1 | 1 | 5 | 125 | 125.00 | 0 | 0 |
| History - World History | 0 | 1 | 1 | 0 | 5 | 77 | 77.00 | 0 | 1 |
| Fine Arts - Classical Music | 0 | 0 | 1 | 0 | -5 | 0.00 | 0 | 0 |